000 00335 a2200157 4500
001 59761
020 _a9783442243952
040 _cAnchieta - Pituba
100 _aCanavan, Trudi
240 1 0 _aDie novizin
_lpor
245 1 0 _aDie novizin
300 _a605
362 0 _a2006
650 4 _aLiteratura juvenil em alemão
942 _cBK
999 _c59761
_d59761